| 000 | 00639nam a2200217 a 4500 | ||
|---|---|---|---|
| 001 | BRCA_8058 | ||
| 005 | 20190320210119.0 | ||
| 008 | 310314s1956----nyua###f##---#001-0#eng-# | ||
| 041 | _aeng | ||
| 044 | _anyu | ||
| 050 | 4 |
_aNK4565 _b.O84 1956 |
|
| 100 | 1 |
_aOsgood, Cornelius _920022 |
|
| 245 | 1 | 0 |
_aBlue and white chinese porcelain _ba study of form _cCornelius Osgood. |
| 260 |
_aNueva York _bRonald Press _c1956 |
||
| 300 |
_axiii, 166 p. _bil., 64 láminas _c27 cm. |
||
| 500 | _aY64 | ||
| 650 | 1 | 4 |
_aPorcelana china _vHistoria _920023 |
| 650 | 1 | 4 |
_aPorcelana china _vColeccionistas y colecciones _97814 |
| 902 | _aGFM | ||
| 942 |
_2lcc _cB |
||
| 999 |
_c7726 _d7726 |
||